| 000 | 00606nam a22001937a 4500 | ||
|---|---|---|---|
| 003 | OSt | ||
| 005 | 20180116183043.0 | ||
| 008 | 160224b xxu||||| |||| 00| 0 eng d | ||
| 020 | _a18-161-91-1 | ||
| 024 | _218-161-91-1 | ||
| 040 | _cLahore University of Management Sciences | ||
| 082 | _a174.4 LUM 1991 | ||
| 100 | _aHASSAN S Z, BOKHARI S | ||
| 245 |
_aTRAVEL AND TOURS CORPORATION (PVT) LIMITED _cHASSAN S Z, BOKHARI S |
||
| 260 |
_aLahore _bLahore University of Management Sciences _c1991 |
||
| 300 |
_a22 p. _bPapers |
||
| 440 | _aTRAVEL AND TOURS CORPORATION (PVT) LIMITED | ||
| 942 |
_2ddc _cCS |
||
| 999 |
_c351308 _d351308 |
||